Statistiques concernant Stations du métro parisien les plus et moins utilisées

Cliquez ici pour prendre le quiz!

Statistiques générales

  • Ce quiz a été pris 934 fois
  • Le résultat moyen est 10 sur 20

Statistiques - réponses

ClassementStations les plus fréquentéesFréquentation% Correct
7Châtelet14.118.575
95%
1Gare du Nord49,721,477
93%
5Gare de l'Est20.018.847
87%
4Montparnasse31.453.903
86%
3Gare de Lyon34.971.365
84%
2Saint-Lazare45.666.162
84%
6République16.670.806
72%
9La Défense13.853.216
49%
10Opéra12.606.068
49%
10Botzaris1.072.484
34%
2Pelleport382.807
33%
8Danube689.630
31%
5Buttes-Chaumont584.689
30%
1Eglise d'Auteuil179.009
29%
6Bolivar600.123
28%
4Pré Saint-Gervais435.680
24%
8Hotel de ville12.778.262
23%
7Chardon-Lagache632.364
19%
9Porte d'Auteuil706.372
15%
3Créteil - Pointe du Lac389.235
10%

Distribution des résultats

Percentile par nombre de réponses

% des personnes avec chaque résultat

Votre développement - résultats

Vous n’avez pas pris ce quiz